पाकिस्तानी स्त्रीः यातना और संघर्ष / (Record no. 36464)

MARC details
000 -LEADER
fixed length control field 01236nam a22002537a 4500
005 - DATE AND TIME OF LATEST TRANSACTION
control field 20100602101919.0
008 - FIXED-LENGTH DATA ELEMENTS--GENERAL INFORMATION
fixed length control field 100602t xxu||||| |||| 00| 0 hin d
010 ## - LCCN (DPL NO)
LC control number HIN-89451
020 ## - INTERNATIONAL STANDARD BOOK NUMBER
Terms of availability 295.00
International Standard Book Number 9789350001745
035 ## - SYSTEM CONTROL NUMBER
System control number HN-61797
037 ## - SOURCE OF ACQUISITION
Source of stock number/acquisition DBAD / PUB
040 ## - CATALOGING SOURCE
Original cataloging agency DPL
Language of cataloging HN
082 ## - DEWEY DECIMAL CLASSIFICATION NUMBER
Classification number 305.42095491
100 ## - MAIN ENTRY--PERSONAL NAME
Personal name ज़ाहिदा हिना
9 (RLIN) 18420
245 ## - TITLE STATEMENT
Title पाकिस्तानी स्त्रीः यातना और संघर्ष /
Statement of responsibility, etc ज़ाहिदा हिना ;शकील सिद्दीक़ी द्वारा अनुदित
246 ## - VARYING FORM OF TITLE
Title proper/short title Pakistani stri:Yatana aur sanghrsh
Remainder of title by Zahida Hina; Tran bu Shakil Siddiqi
260 ## - PUBLICATION, DISTRIBUTION, ETC. (IMPRINT)
Place of publication, distribution, etc नई दिल्ली
Name of publisher, distributor, etc वाणी प्रकाशन
Date of publication, distribution, etc 2010
270 ## - ADDRESS
Address 4695, 21-ए, दरियागंज
City नई दिल्ली
Postal code 110002
300 ## - PHYSICAL DESCRIPTION
Extent 228पृ
Dimensions 22सेमी (सजिल्द)
650 ## - SUBJECT ADDED ENTRY--TOPICAL TERM
Topical term or geographic name as entry element नारीवाद
9 (RLIN) 18421
700 ## - ADDED ENTRY--PERSONAL NAME
Personal name सिद्दीकी, शकील
9 (RLIN) 18422
942 ## - ADDED ENTRY ELEMENTS (KOHA)
Source of classification or shelving scheme Dewey Decimal Classification
Item type Hindi Books
Call number suffix ज़ाहिरा
Holdings
Withdrawn status Lost status Source of classification or shelving scheme Damaged status Not for loan Collection code Home library Current library Date acquired Source of acquisition Cost, normal purchase price Total Checkouts Full call number Barcode Date last seen Copy number Cost, replacement price Koha item type
    Dewey Decimal Classification   Not For Loan Non-fiction D.B.Act.Division D.B.Act.Division 02/06/2010 DBAD / PUB 295.00   ज़ाहिरा HN-61797 02/06/2010 1 295.00 Hindi Books

© Delhi Public Library
Hit Counter
free hit counter